| 000 | 00671cam a22002051 4500 | ||
|---|---|---|---|
| 001 | 000018549 | ||
| 005 | 20200929165825.0 | ||
| 008 | 761029s1940 nyu 000 f eng | ||
| 040 |
_aDO-SdBNP _cOT _dDLC _dBNPHU |
||
| 082 |
_a813.52 _bC647g |
||
| 100 | 1 |
_aCameron, Donald Clough. _940119 |
|
| 245 | 1 | 0 |
_aGrave without grass : _ban Ablevard Voss mystery, / _cDonald Clough Cameron. |
| 260 |
_aNew York, : _bHenry Holt and Company, _c1940. |
||
| 300 |
_a272 p. ; _c19 cm. |
||
| 650 | 4 |
_aNovela estadounidense _9262 |
|
| 650 | 4 |
_aLiteratura estadounidense _9263 |
|
| 650 | 4 |
_aDetectives en la literatura _940120 |
|
| 910 | _aCatalogación por derivada / LC | ||
| 049 | _aBNGR | ||
| 999 |
_c18069 _d18069 |
||